000 00806nam a22002537a 4500
005 20130506120808.0
010 _aENG-106973
020 _a9780198090465
_c850.00
020 _a0198090463
_c850.00
035 _aEN-90506
037 _bDBAD/PUB
082 _a301
100 1 _aOommen, T.K.
245 1 0 _aKnowledge and society :
_cby T.K. Oommen
_bsituating sociology and social anthropology /
250 _arev.ed
260 _aNew Delhi
_bOxford University Press
_c2013
270 _aYMCA Library Building, 1 Jai Singh Road
_bNew Delhi
_e110001
300 _ax,265p.
_c22cm(Hb)
500 _aIncludes bibliographical references and index
650 _aSociology
_z India.
650 _aSociology
_xMethodology.
650 _aEthnology
_z India.
942 _2ddc
_cEN
_mOOM
_h301
999 _c75100
_d75100